000 00351nam a2200145Ia 4500
008 230312s9999||||xx |||||||||||||| ||und||
020 _a0-642-33425-1
082 _a720.19
_bRAD-R
100 _aRadford; Ron
245 0 _aRenaissance
260 _bNational Gallary of Art
_aAustralia
_c20112
300 _a244
650 _aArchitecture
942 _cBK
999 _c11706
_d11706